00757nam a22002057a 450000500170000001000260001702000260004302000260006903500140009503500140010903700090012308200120013210000270014424501760017126000660034727000610041330000210047470000330049570000230052820250407113748.0 aENG-139580 ENG-144531 a9878190860727c189.00 a9788190860710c200.00 aEN-123112 aEN-128063 bDBAD a621.385 aJeethendra Kumar P. K. aLE Special issue on Experiments with Laser:bLaser beam parameters, interference, diffraction and polarization/cBy Jeethendra Kumar P. K. and Edited by P. SharmahEnglish bKamaljeeth Instrumentation and Service Unit aKarnatakac2016 aNo. 610, 5th Main, 8th Cross, JRD Tata Nagar , Bengaluru a128p.c28cm(hbk) aJeethendra Kumar P.K.eAutor aSharma, P.eEditor